000 00266nam a2200109Ia 4500
008 231107s1981 xx 000 0 und d
041 _aeng
082 _a684.08
100 _aAdams,J.T.
245 _aArco''s Complete Wood Work H/B.
260 _aNew York
_bAcro
_c1981
999 _c920788
_d920788